000 01319nam a22003737a 4500
003 CHAP
005 20220329134654.0
008 971013s1986 r 00010 d
010 _a24024
011 _a24996
035 _a29096
040 _cCHAP
090 _aFolleto 10986
100 0 0 _aBregante, Enrique Matute.
_915204
245 _aProjeto demostrativo de irrigacao o drenagem
260 _aBrasilia, D. F. :
_bColegio Agricola de Brasilia,
_c1986
300 _a5 v.
_b: ilus.
490 _aInformacao técnica documento
_v; 1-5
590 _aBATCH-UPD
_b10
_c20130110
_lUCH01
_h1422
590 _aBATCH-UPD
_b10
_c20130410
_lUCH01
_h0903
590 _aBATCH-UPD
_b10
_c20130914
_lUCH01
_h1221
590 _aCONVERSION
_b10
_c20130109
_lUCH01
_h1314
650 1 4 _aDrenaje.
_934190
650 1 4 _aIrrigación
_xProyectos.
_960443
700 0 _aSa, Clelia Olivia Aggio da.
_9101064
830 0 _aInformacao técnica documento
_v; 1-5
_958072
901 _aBK
942 _cFOLL
949 _aFolleto 10986
_bBC
_cFOLL
_d-67199
_eTS1
_fv.1
_i29096
_si
949 _aFolleto 10986
_bBC
_cFOLL
_d-96732
_eTS1
_fv.2
_i29096
_si
949 _aFolleto 10986
_bBC
_cFOLL
_d-96733
_eTS1
_fv.3
_i29096
_si
949 _aFolleto 10986
_bBC
_cFOLL
_d-96734
_eTS1
_fv.4
_i29096
_si
949 _aFolleto 10986
_bBC
_cFOLL
_d-96736
_eTS1
_fv.5
_i29096
_si
999 _c24024
_d24024